MDQL
is popping MORE tags! Check the
thread
!
Quizzes
Events
Quiz Creation
Community
Videos
Private Events
Remove Ads
Sign In
Join for FREE
Feedback
Dark Mode
Quiz Categories
Sports
Geography
Music
Movies
Television
Just For Fun
Miscellaneous
History
Literature
Language
Science
Gaming
Entertainment
Religion
Holiday
For Kids
Quiz Lab
Recent
Popular Today
Quiz Kudos Today
Editor Picks
Curator Picks
Quizzes by...
Day
Popularity
Type
Ratings
Length
Year
Community
Subscriptions
Recent Discussions
Orange Saloon
Badges
Playlists
Quests
Create
Leaderboards
Showdown
Live 5
Trivia Bingo
Activity
Puzzle Library
Sporcle Events
Private Events
Virtual Trivia
Globe League
Become a Host
Pub Owners
SporcleCon
Opinionation
Our Games
Videos
Blog
Mobile Apps
Partnerships
Remove Ads and Go Orange
Feedback
Gaming
Video Games
Board Games
Card Games
Pokémon
Mario
Nintendo
Minecraft
Console
Toys
Legend of Zelda
Gaming
Video Games
Board Games
Card Games
Pokémon
Mario
Nintendo
Minecraft
Console
Toys
Legend of Zelda
Random Quiz
Search Sporcle
×
Quiz Lab
Quiz Lab
Gaming
Quote
Type in answers that appear in a list
Type in answers that appear in a list
Classic
Best Score? Go Orange.
Windows Touhou Characters By Quote Stats
Can you name the Windows Touhou characters by their pre-battle quotes??
By
Kiratroid
10m
81 Questions
2,479 Plays
2,479 Plays
2,479 Plays
Comments
Comments
Give Quiz Kudos
Give Quiz Kudos
-
- Ratings
hide this ad
More Info
Forced Order
Answers have to be entered in order
Answers have to be entered in order
Random Order
Randomize order of answers
Randomize order of answers
Replay
Link that replays current quiz
Next Quiz
Link to next quiz in quiz playlist
You Got
0%
They Got
Avg Score
48%
Avg Friend Score
Upgrade to see
Score Distribution
Jump to the score distribution portion of the page
Score
0/81
Timer
10:00
0
Plays Today
Quote
Character
% Correct
I am the one who judges the sins of ones who have died, yes, the judge of hell.
Eiki Shiki Yamaxanadu
73.9%
Are you strong enough to fight in the preliminaries? Do you have a power that can match nuclear fusion!?
Utsuho Reiuji
72.4%
Because, we oni always want to compare our strength to strong people we meet!
Yuugi Hoshiguma
71.6%
Well then, let's start the performance! Sisters, get ready!
Lyrica Prismriver
71.4%
You human who's forgotten the fear of night! Die from the terror of this unidentified flying object!!
Nue Houjuu
70.4%
All this talk is wasting my time! I can't believe there are people like you who despise fireflies!
Wriggle Nightbug
70.2%
The danmaku that lurk in your subconscious are danmaku that my sister has never seen!
Koishi Komeiji
70%
My Five Impossible Requests, which defeated so many humans in the past... How many of them can you fulfill?
Kaguya Houraisan
69.6%
Your corpse and soul look pretty strong, Sis. I bet they'll make my cart pretty heavy.
Orin Kaenbyou
69.5%
Shall I consume the devil's history as well?
Keine Kamishirasawa
68.7%
I'll punish you with the power of a living god... With the divine power to cause miracles!
Sanae Kochiya
68%
Return! For living humans, the width of the Sanzu no Kawa is infinite! I won't let you cross!
Komachi Onozuka
67.3%
I don't see what's so unfortunate about that but, if that's true then it'll be a huge scoop!
Aya Shameimaru
66.7%
Freshly-
harvested sweet potatoes make up my perfume. Do you think I'm going to let a shrine maiden eat me!?
Minoriko Aki
66.6%
See my eyes, and lose every last trace of your mind!
Reisen Udongein Inaba
66.1%
In this inverted castle where everything is turned upside-
down, I'll give you a taste your first failure!
Seija Kijin
65.3%
I'll give you a real fun choice! The Moon, the Earth, or the Otherworld...? Pick whichever body you want to be killed by!
Hecatia Lapislazuli
64.1%
Since the moon is also red like this, I shall thus kill you with my true power.
Remilia Scarlet
63.7%
Then you'll have to bear witness to the light of dharma which is even brighter here in Makai -
-
And bow down before this pagoda of Bishamonten!
Shou Toramaru
63.7%
I will unseal the tree, dog of the devil!
Yuyuko Saigyouji
63.3%
Soon you will be behind MY barriers. There within, is neither night nor day.
Yukari Yakumo
62.4%
Your time is mine... An old-
fashioned witch doesn't stand a chance.
Sakuya Izayoi
62.1%
Starting tonight, you two... Will never again see in the dark!
Mystia Lorelei
62%
Now, my treasured mallet! Impart your power of dreams to all those of small stature!
Shinmyoumaru Sukuna
60.7%
Oh well, if you really want to get into the mountain, you'll have to show me how serious you are!
Nitori Kawashiro
60.4%
Now show me! The ruined remains of the impure people of the moon! And behold! What lies just beyond this pristine impurity!
Junko
59.9%
Y'see, the light from my torch drives anyone it touches crazy. And going crazy means bringing out your true strength.
Clownpiece
59.8%
Quote
Character
% Correct
Indeed, dead people have no mouths. I will consume the warmth of your spring.
Youmu Konpaku
59.7%
Does this look like 'The saint was crucified on the cross'?
Rumia
58.6%
You have to wait until night to surprise humans!
Kogasa Tatara
58.3%
I'll save the oppressed youkai. That is my chosen calling as a magician.
Byakuren Hijiri
57.5%
I'll show you how great the power of the youkai who were banished underground is!
Yamame Kurodani
55.9%
Now, attempt to defeat me! And lay bare your own desire!
Toyosatomimi no Miko
55.4%
The advice from a messenger of the Dragon Palace is one way to avoid a future calamity. Unfortunately, you've just lost that excellent choice.
Iku Nagae
54.5%
Of course you can't. These are the estate grounds of a devil. I won't let an exorcist pass!
Hong Meiling
54.1%
How entertainin' could a fairy as my opponent possibly be? If we're gonna find out, it's yer responsibility to be my subject!
Marisa Kirisame
53.9%
Let's see, 'How to passively defeat the black thing in front of me...'
Patchouli Knowledge
52.4%
I am a being who can change the World's course with my Words.
Sagume Kishin
52.4%
Now, you, who goes to such a shack every day— Experience this once the raging soul of a god!
Kanako Yasaka
52.1%
A human scream to begin a morning at the temple! How wonderful!
Kyouko Kasodani
52%
You're so lucky. You will sleep in this field of suzuran.
Medicine Melancholy
51.9%
I should make all of your emotions explode too! Take this! My arcane Noh of Darkness!
Hata no Kokoro
51.7%
I shall vanquish thee, and so return to the world of the living in full. Then, the Crown Princess shall rise anew.
Mononobe no Futo
51.4%
Even if you're strong, you're no match for us three, see? So c'mon, work with us! Under our flag!
Sunny Milk
50.3%
Now, sleep with this trauma that will leave you sleepless!
Satori Komeiji
50%
Allow me to do some strict training with my ten-
game match of danmaku transformations!
Mamizou Futatsuiwa
50%
Hehe, unfortunately we can't bring powerless passengers with us. Now, leave the treasure here and return back to earth!
Minamitsu Murasa
49.5%
What is it that the scarlet clouds were summoning.... I'll carve that onto your body with the greatest magnitude!
Tenshi Hinanawi
48.1%
My faithful servant! Go eradicate the one who would deny this resurrection!
Seiga Kaku
47.8%
I've made contact with a belligerent earthling. Now proceeding with purification.
Seiran
47.5%
Now I'll show you the true power of my boundary!
Reimu Hakurei
47.5%
Why don't you let me borrow a little of your power for this treasure that will light the world with the power of dharma!
Nazrin
46.3%
Divided by my history, the result is zero. To an eternal one, your existence is but an instant
Eirin Yagokoro
45.7%
Actually, I have a feeling it was all your fault in the first place. I'll take you along with that sake to everyone else!
Suika Ibuki
45.5%
Quote
Character
% Correct
Look upon my head and despair!
Sekibanki
45.5%
Hear me, all you used ones from the outside world! Let your beat of dreams and illusions resound throughout Gensokyo!
Raiko Horikawa
44.9%
In this world of social upheaval where everything is turned on its head... Who is the strongest tool? We'll decide that here and now!
Benben Tsukumo
44.7%
It means you can't continue!
Flandre Scarlet
43.9%
Well, then! Awe me, creator of these lands, with your marvelous, god-
like miracles!
Suwako Moriya
43.7%
At last, former friend, we meet again. Have you only brought me your life as a gift?
Alice Margatroid
43.2%
Earthlings, who are allowed to get hit, cannot possibly understand our hard work!
Ringo
42.6%
Every disaster will befall you. I can't let you pass, even to protect humans!
Hina Kagiyama
42%
The well-
behaved have gained power in this world of social upheaval. Even mere tools can rule the world! I'll make you the foundation we'll stand on!
Yatsuhashi Tsukumo
41.3%
Now be a good girl, and have a nice, long sleep, and forget about everything.
Doremy Sweet
41.1%
This is our village. Would you mind getting out of here human?
Chen
38.6%
No dish has ever escaped my performance alive.
Merlin Prismriver
38.2%
I, who knows not death, have surpassed the darkness. See this beautiful danmaku, unchained from the dark samsara!
Mokou Fujiwara
36.7%
I'm in charge of guarding this place's treasure from that kind of person.
Ichirin Kumoi
35.7%
Unwanted noise should be drowned out.
Lunasa Prismriver
34.5%
You'll surely come to regret not declaring war in the middle of winter.
Star Sapphire
32.1%
Then experience the power of a youkai of fear that should have been sealed away!
Parsee Mizuhashi
31.4%
Pulling strings, what fun~
Letty Whiterock
30.9%
Tripling a one still leaves you with all ones! Come on, let's settle this!
Cirno
30.4%
Let's make it as clear as black and white who of us is the strongest in Gensokyo!
Yuuka Kazami
30.3%
As such, my powers far exceed those of any youkai you've ever seen... Not to mention those of humans. Or dogs.
Ran Yakumo
30.1%
You're the one from that mansion on the bank of the lake...
Wakasagihime
30.1%
My final night in the Human World will be... etched into the depths of your genes!
Sumireko Usami
28%
Want to train at my place again? This time it'll be the Reptile Course.
Kasen Ibaraki
26%
You shall become one of our companions! By the danmaku awakened from a deep sleep!
Yoshika Miyako
25.1%
Go ahead and try it, if you think you can hit me! You'll regret the bad luck you had fighting me on this moon-
blessed ground!
Kagerou Imaizumi
24.5%
The night is my domain so don't think you'll defeat me so easily. (I've always wanted to say that!)
Luna Child
19%
Quiz Playlist
Details
Report
Send in Message
Add To Playlist
More Info:
First names, last names, and even some nicknames are all accepted. Current through Double Dealing Character.
Classic:
Type in answers that appear in a list
Forced Order:
Answers have to be entered in order
Random Order:
Randomize order of answers
Quiz Source
Last Updated: Feb 16, 2017
Quiz Scoreboard
CHALLENGE
Sign Up to Join the Scoreboard
Show All
Scores
Hide
Comments
May contain spoilers
Recently Published
Colored Red Africa Blitz
by spor1
Geography
30s
Find the 'City' Movie
by crazypaving
Movies
60s
5x2 Blitz: Bands
by SL_Kpop136
Music
30s
More to Explore
Quiz From the Vault
Featured Blog Post
14 Easter Pick-up Lines to Find Eggs With
hide this ad
You Might Also Like...
Tags
Quote Quiz
Character
touhou
Window
Today's Top Quizzes in Gaming
Browse Gaming
hide this ad
Today's Top Quizzes in Quote
Browse Quote
Top Contributed Quizzes in Gaming
1
League of Legends Pro Players by Career/Team History
2
Genshin murder mystery
3
Destiny 2 exotic weapons by perk icons
4
Dead By Daylight Logic Puzzle
5
Genshin Impact Logic Puzzle
6
Valorant Agent Developer Names (Up to Clove)
7
Overwatch 2: Ultimate Ability Icons
8
Who's on the WWE 2K24 Cover?
9
Genshin Impact Logic Puzzle Quiz II
10
4x4 Decades: Video Games
Explore More
Trending Topics
Marvel
Crossword
Disney
NBA
Kpop
Harry Potter
Anime
Soccer
Puzzle
Country
NFL
Song
WWE
Pokémon
The Office
hide this ad
More By:
Kiratroid
Quiz
Plays
Rating
Category
Featured
Created
Windows Touhou Characters By Quote
2,479
4.33
Gaming
Feb 13, 2012
Touhou Characters by Title
2,069
5.00
Gaming
Aug 30, 2012
JJBA: All Star Battle Characters by Theme
847
4.00
Gaming
Sep 6, 2013
Many Faces of Marisa Kirisame
835
5.00
Gaming
Jul 11, 2013
Necessary Items in Metroid: Zero Mission
694
1.00
Gaming
Nov 9, 2015
Go to Creator's Profile
Score Distribution
Quiz Creator Spotlight
Kiratroid
Follow
Send a Message
Quizzes Created
-
Created Quiz Play Count
-
More By This Creator
Popular Quizzes Today
1
Colored Red Africa Blitz
2
Find the 'City' Movie
3
5x2 Blitz: Bands
4
Find the US States - No Outlines Minefield
5
The Countries of the World
6
Find the US States
7
US States
8
Find the Countries of Europe - No Outlines Minefield
More Gaming Quizzes
Best-Selling Video Games by Best-Selling Consoles (Map)
Editor's Pick
Trending Quizzes
Colored Red Europe Blitz I
Colored Red Europe Blitz II
Colored Red Africa Blitz II
Colored Red Europe Blitz III
Colored Red Africa Blitz III
Recently Updated
How Do You Spell That?
pecheneg
Godzilla Movies
pecheneg
Grab Bag: 4-10 Letters
pecheneg
2024 March Madness Bracket
pecheneg
Famous TV Couples
Peacemaker
Champions League XIs: Real Madrid
pecheneg
Largest US Cities 1790-2010
pecheneg
Rides in Walt Disney World
pecheneg
Most Oscar Losses (Acting)
pecheneg
Beyoncé Albums
pecheneg
Trending Topics
Crossword
Anime
Marvel
Harry Potter
Disney
Kpop
NBA
Country
Puzzle
Pokémon
The Office
WWE
Song
Soccer
NFL
Your Account Isn't Verified!
In order to create a playlist on Sporcle, you need to verify the email address you used during registration. Go to your
Sporcle Settings
to finish the process.
Report this User
Report this user for behavior that violates our
Community Guidelines
.
Details:
Send Report
Go to the Sporcle.com Mobile Site →
Comments